| 000 | 00815nam a2200229 a 4500 | ||
|---|---|---|---|
| 001 | 64330 | ||
| 003 | BD-RjUL | ||
| 005 | 20211209081308.0 | ||
| 008 | 170213s2002 bg ||||| |||| 00| 0 ben d | ||
| 020 |
_a9844553334 _c: Tk.40.00 |
||
| 035 | _a(BD-RjUL)64460 | ||
| 040 |
_aBD-RjUL _bben _cBD-RjUL _dBD-RjUL |
||
| 041 | _aben | ||
| 082 |
_223 _a891.441 _bISP 2002 |
||
| 100 |
_aইসলাম, আনোয়ারুল _9178152 |
||
| 245 | 1 | 0 |
_aপ্রিয় পাখি প্রিয় দিন / _cআনোয়ারুল ইসলাম |
| 260 |
_aঢাকা : _bশিল্পতরু প্রকাশনী, _c২০০২ |
||
| 300 |
_a৫৬ পৃ. ; _c২৩ সেমি. |
||
| 650 |
_aবাংলা কবিতা _9117445 |
||
| 650 |
_aBengali Poetry _9146528 |
||
| 942 |
_2ddc _cBK |
||
| 999 |
_c64330 _d64330 |
||